01130nam a2200289 i 4500001000700000003000900007005001700016007000300033008004100036080000800077080001300085100003600098245015200134250001500286260004300301300002700344490005100371650003600422650004000458700003400498700004000532700003600572830005900608852003200667999001900699952012200718134873ES-MaACL20250901105432.0t|070629s1972 sp ||||1| spa d a382 a338(100)1 aThomas, Richard Samuel.911004510aGeografía del comercio internacional / cRichard S. Thomas, Edgar C. Conklin ; traducción de Antonio Casahuga ; prólogo de J. Vilá Valenti. a[1ª ed.]. a[Barcelona] : bVicens-Vives, c[1972] aVII, 250 p. ; c21 cm.1 aBiblioteca básica de geografía económica17aComercio exterior2embne91116817aGeografía comercial2embne9130751 aConkling, Edgar Clark.9401941 aCasahuga Vinardell, Antonio.9360341 aVilá Valentí, Juan.91147430 aBiblioteca básica de geografía económica9186987 aES-MaACLjC-56297 bR.89165 c134873d134873 00104070aATENEOMbATENEOMcDEPO2d2008-01-17eSCl0oC-56297p1140383r2023-02-23 00:00:00w2023-02-23yMONOGRAFIA